Random Latin Sentences #6 - Statistics

General Stats
  • This quiz has been taken 22 times
  • The average score is 14 of 32
Answer Stats
Latin English % Correct
Est Is
100%
Est Is
100%
Est Is
100%
Non Not
90%
Non Not
90%
Cum With
85%
In Into
75%
Sed But
65%
Domus House
60%
Ex Off
60%
Plenus Filled
50%
Iamesus James
40%
Iamesus James
40%
Sedo Sits
40%
Facio Does
35%
Facio Does
35%
Pistris Sharks
35%
Luso Playing
30%
Luso Playing
30%
Latus Side
30%
Ludi Games
25%
Ludi Games
25%
Litus Beach
20%
Suxisto Sucked
20%
Vortex Tornado
15%
Vortex Tornado
15%
Vortex Tornado
15%
Fabrica Device
10%
Impartior Notice
10%
Impartior Notice
10%
Lamberit Rips
10%
Toro Couch
5%
No matching quizzes found
Score Distribution
Percent of People with Each Score
Percentile by Number Answered
Your Score History
You have not taken this quiz